[Event "XVI C.to Italiano U20"]
[Site "Bratto - Castione della Presolana ITA"]
[Date "2008.08.26"]
[Round "5"]
[White "Piccirillo, Edoardo"]
[Black "Regorda, Massimiliano"]
[Result "1-0"]
[WhiteElo "2111"]
[BlackElo "1907"]
[PlyCount "93"]
[EventDate "2008.08.22"]

1. d4 d5 2. Nf3 e6 3. Bf4 Nf6 4. e3 c5 5. c3 Nc6 6. Nbd2 Be7 7. Bd3 O-O 8. Ne5
c4 9. Bc2 Bd6 10. Bg3 Qc7 11. f4 b5 12. O-O a5 13. Qf3 b4 14. Bh4 Be7 15. Qh3
g6 16. Bg5 Nxe5 17. fxe5 Nh5 18. Bf6 Bxf6 19. exf6 e5 20. Qh4 exd4 21. exd4
bxc3 22. bxc3 Ra6 23. g4 Nf4 24. g5 Nh5 25. Bd1 Qd7 26. Bxh5 gxh5 27. Qxh5 Qg4+
28. Qxg4 Bxg4 29. Nf3 Rb6 30. Ne5 Be6 31. Rae1 Rfb8 32. h4 Rb2 33. Nc6 R8b6 34.
Nd8 Rxa2 35. Nxe6 fxe6 36. Rb1 Rbb2 37. Rxb2 Rxb2 38. Ra1 Rb5 39. Kg2 Kf7 40.
Kg3 h6 41. Kf4 hxg5+ 42. hxg5 Kg6 43. Ke5 Rb6 44. Rf1 Rb7 45. Kxe6 Rf7 46. Kxd5
Kxg5 47. Kxc4 1-0

[Event "XVI C.to Italiano U20"]
[Site "Bratto - Castione della Presolana ITA"]
[Date "2008.08.26"]
[Round "5"]
[White "Pomaro, Alberto"]
[Black "Dvirnyy, Danyyil"]
[Result "0-1"]
[WhiteElo "2246"]
[BlackElo "2358"]
[PlyCount "80"]
[EventDate "2008.08.22"]

1. e4 c5 2. Nf3 d6 3. d4 cxd4 4. Nxd4 Nf6 5. Nc3 g6 6. Be3 Bg7 7. f3 O-O 8. Qd2
Nc6 9. O-O-O Nxd4 10. Bxd4 Be6 11. Kb1 Qc7 12. Nd5 Bxd5 13. exd5 Rfc8 14. c4 b5
15. Rc1 Qb7 16. Be2 bxc4 17. Bxc4 Nd7 18. Bxg7 Kxg7 19. h4 Ne5 20. f4 Nxc4 21.
Qd4+ Kg8 22. Rxc4 Rxc4 23. Qxc4 Rc8 24. Qe4 Rc5 25. Rd1 e6 26. b4 exd5 27. Qe8+
Kg7 28. a3 Rc8 29. Qe3 Rc4 30. f5 Re4 31. Qc3+ f6 32. fxg6 hxg6 33. g3 a5 34.
Rd4 Qb6 35. Rxd5 axb4 36. axb4 Rxb4+ 37. Kc2 Re4 38. Rd3 Re5 39. Qd4 Qc6+ 40.
Kd2 Qg2+ 0-1

[Event "XVI C.to Italiano U20"]
[Site "Bratto - Castione della Presolana ITA"]
[Date "2008.08.26"]
[Round "5"]
[White "Pulcini, Giorgio"]
[Black "Mandelli, Giacomo"]
[Result "1/2-1/2"]
[WhiteElo "1676"]
[BlackElo "1602"]
[PlyCount "145"]
[EventDate "2008.08.22"]

1. e4 d6 2. d4 Nf6 3. Nc3 c6 4. Nf3 Bg4 5. Be2 e6 6. d5 Bxf3 7. Bxf3 e5 8. O-O
Be7 9. dxc6 bxc6 10. b3 O-O 11. Bb2 Nbd7 12. Na4 Qc7 13. c4 Rfd8 14. Rb1 a5 15.
Re1 Nf8 16. Qc2 Ne6 17. g3 Nd7 18. Red1 Ndc5 19. Nxc5 dxc5 20. Rxd8+ Rxd8 21.
Rd1 Nd4 22. Qc3 Nxf3+ 23. Qxf3 Rxd1+ 24. Qxd1 Qd6 25. Qxd6 Bxd6 26. a4 f6 27.
f3 Kf7 28. Kf2 Ke6 29. Bc3 Bc7 30. Bd2 g5 31. Be3 Bd6 32. h4 h6 33. Kg2 Kf7 34.
Kh3 Kg6 35. Kg4 h5+ 36. Kh3 Kh6 37. g4 Kg6 38. Kg3 Kh6 39. gxh5 Kxh5 40. hxg5
fxg5 41. Kh3 Be7 42. Kg3 Bd6 43. Bd2 Bc7 44. Bc3 Kh6 45. Kg4 Kg6 46. Kg3 Kh6
47. Kh3 Kh5 48. Be1 Bd8 49. Kg2 Bc7 50. Kf1 Bd8 51. Ke2 Bc7 52. Kd3 Bd8 53. Kc2
Bc7 54. Kb2 Bd8 55. Bf2 Be7 56. Kc3 Bd6 57. Kd3 Be7 58. b4 axb4 59. a5 Bd8 60.
Bxc5 Bxa5 61. Bd6 g4 62. fxg4+ Kxg4 63. Bxe5 b3 64. Bd6 Be1 65. Ba3 Kf4 66. Bb2
Bb4 67. Kd4 Be1 68. e5 Kf5 69. c5 Ke6 70. Kc4 Bf2 71. Kxb3 Bxc5 72. Kc4 Bb6 73.
Bc3 1/2-1/2

[Event "XVI C.to Italiano U20"]
[Site "Bratto - Castione della Presolana ITA"]
[Date "2008.08.26"]
[Round "5"]
[White "Rizza, Francesco"]
[Black "Gonella, Daniele"]
[Result "1-0"]
[WhiteElo "1924"]
[BlackElo "1739"]
[PlyCount "59"]
[EventDate "2008.08.22"]

1. d4 g6 2. c4 Bg7 3. Nc3 c6 4. e4 e6 5. e5 d6 6. f4 Ne7 7. Nf3 dxe5 8. fxe5
Qc7 9. Be2 O-O 10. O-O b6 11. Bg5 Bb7 12. Qc1 a6 13. Ne4 c5 14. Nf6+ Bxf6 15.
Bxf6 Rc8 16. g4 Qd8 17. Qh6 Qf8 18. Qh4 Re8 19. Rad1 h6 20. dxc5 bxc5 21. Rd3
Kh7 22. Ng5+ Kg8 23. Rh3 Nd7 24. Qxh6 Qxh6 25. Rxh6 Nxf6 26. Rxf6 Rad8 27. Rxf7
Bc8 28. Rfh7 Kf8 29. Rh8+ Kg7 30. R6h7# 1-0

[Event "XVI C.to Italiano U20"]
[Site "Bratto - Castione della Presolana ITA"]
[Date "2008.08.26"]
[Round "5"]
[White "Rombaldoni, Axel"]
[Black "Grandinetti, Pietro"]
[Result "0-1"]
[WhiteElo "2374"]
[BlackElo "2011"]
[PlyCount "76"]
[EventDate "2008.08.22"]

1. e4 e5 2. Nf3 Nc6 3. Bb5 a6 4. Ba4 Nf6 5. O-O Be7 6. Re1 b5 7. Bb3 d6 8. c3
O-O 9. h3 Bb7 10. d4 Re8 11. Nbd2 Bf8 12. a4 h6 13. Bc2 exd4 14. cxd4 Nb4 15.
Bb1 c5 16. d5 Nd7 17. Nf1 c4 18. Bd2 Nd3 19. Bxd3 cxd3 20. b4 f5 21. exf5 Bxd5
22. Ne3 Bf7 23. Bc3 Ne5 24. Ng4 Rc8 25. Bxe5 dxe5 26. Ngxe5 Bc4 27. Qd2 Qd6 28.
axb5 Bxb5 29. Re4 Rc2 30. Qd1 Qb6 31. Qf1 Qc7 32. Qb1 Qc3 33. f6 gxf6 34. Rg4+
Bg7 35. Ng6 f5 36. Rg3 Qxa1 37. Ne7+ Kh7 38. Rxg7+ Qxg7 0-1

[Event "XVI C.to Italiano U20"]
[Site "Bratto - Castione della Presolana ITA"]
[Date "2008.08.26"]
[Round "5"]
[White "Rombaldoni, Brian"]
[Black "Delledonne, Francesco"]
[Result "1-0"]
[WhiteElo "1797"]
[BlackElo "1943"]
[PlyCount "87"]
[EventDate "2008.08.22"]

1. d4 Nf6 2. Nf3 g6 3. Bg5 Bg7 4. Nbd2 d6 5. e4 O-O 6. h3 h6 7. Bh4 c5 8. c3
Qc7 9. Bg3 Nh5 10. Bh2 e5 11. Nc4 Nc6 12. dxc5 dxc5 13. Qd5 Ne7 14. Qd6 Qxd6
15. Nxd6 Nf4 16. g3 Ne6 17. Bc4 Bd7 18. Nxb7 Bc6 19. Nd6 Nc8 20. Nxc8 Rfxc8 21.
Bd5 c4 22. O-O-O Bxd5 23. exd5 Nc5 24. Kc2 Rab8 25. Rhf1 Na4 26. Rb1 Kf8 27. g4
f6 28. Rfd1 Ke8 29. Nd2 Kd7 30. f4 Rb5 31. fxe5 fxe5 32. Ne4 Nb6 33. d6 Nd5 34.
Re1 Nf6 35. Rbd1 Rcb8 36. Rb1 Nxe4 37. Rxe4 Rf8 38. Rxc4 Kxd6 39. Rd1+ Rd5 40.
Rxd5+ Kxd5 41. Rc7 Bh8 42. Bg1 a6 43. Ra7 Rf6 44. Rh7 1-0

[Event "XVI C.to Italiano U20"]
[Site "Bratto - Castione della Presolana ITA"]
[Date "2008.08.26"]
[Round "5"]
[White "Sellitti, Federico"]
[Black "Andreoni, Giuseppe"]
[Result "0-1"]
[WhiteElo "2158"]
[BlackElo "1993"]
[PlyCount "86"]
[EventDate "2008.08.22"]

1. e4 c5 2. b4 d5 3. exd5 cxb4 4. Bb2 Qxd5 5. d4 Nf6 6. c4 bxc3 7. Nxc3 Qa5 8.
d5 e5 9. Nf3 Bb4 10. Nd2 O-O 11. Qb3 Nxd5 12. Nde4 Be6 13. Bc4 Rc8 14. O-O Rxc4
15. Qxc4 Nxc3 16. Qd3 Nxe4 17. Qxe4 Nc6 18. a3 Bc3 19. Bxc3 Qxc3 20. Rab1 Qc4
21. Qe3 b6 22. Rbc1 Qd5 23. Rfe1 Rd8 24. h4 f6 25. Rc3 Ne7 26. f3 Nf5 27. Qf2
Qd4 28. Qxd4 Rxd4 29. Rc7 Rd7 30. Rec1 Nxh4 31. Rxd7 Bxd7 32. Rc7 Ba4 33. Rxa7
b5 34. Rb7 Nf5 35. Kf2 Nd4 36. Rc7 Nc2 37. Rc3 Kf7 38. Ke2 Ke6 39. g3 Kd5 40.
Kd3 g5 41. Rc7 Nxa3 42. Rd7+ Ke6 43. Rxh7 Bc2+ 0-1

[Event "XVI C.to Italiano U20"]
[Site "Bratto - Castione della Presolana ITA"]
[Date "2008.08.26"]
[Round "5"]
[White "Serri, Cristiano"]
[Black "Picasso, Filippo"]
[Result "1-0"]
[WhiteElo "1542"]
[BlackElo "1659"]
[PlyCount "57"]
[EventDate "2008.08.22"]

1. e4 e5 2. f4 d6 3. Nf3 Nc6 4. Bc4 Be6 5. Bb3 Qd7 6. O-O O-O-O 7. d4 exd4 8.
Nxd4 d5 9. e5 f5 10. c3 Bc5 11. Be3 h5 12. Nd2 h4 13. h3 Nge7 14. N2f3 Ng6 15.
Bc2 Na5 16. b3 Bxd4 17. Nxd4 Nc6 18. Qd3 Nxd4 19. Bxd4 Kb8 20. b4 b6 21. a4 Ne7
22. a5 Nc6 23. Ba4 Kb7 24. axb6 cxb6 25. Qa6+ Kc7 26. Bxc6 Kxc6 27. b5+ Kc7 28.
Qxa7+ Kc8 29. Qa8+ 1-0

[Event "XVI C.to Italiano U20"]
[Site "Bratto - Castione della Presolana ITA"]
[Date "2008.08.26"]
[Round "5"]
[White "Stella, Andrea"]
[Black "Lettieri, Giuseppe"]
[Result "0-1"]
[WhiteElo "2209"]
[BlackElo "2322"]
[PlyCount "120"]
[EventDate "2008.08.22"]

1. d4 d5 2. c4 Nc6 3. Nc3 Nf6 4. Nf3 dxc4 5. e4 Bg4 6. d5 Ne5 7. Bf4 Ng6 8. Be3
e5 9. Bxc4 a6 10. Be2 Bd6 11. O-O O-O 12. Nd2 Bxe2 13. Qxe2 b5 14. a3 Rc8 15.
Rac1 Qd7 16. Bg5 Ne8 17. b4 Be7 18. Bxe7 Qxe7 19. a4 Nf4 20. Qe3 Qxb4 21. g3
Ng6 22. axb5 axb5 23. Rb1 Qe7 24. Nxb5 Nd6 25. Rfc1 Qd7 26. Qc5 Nxb5 27. Qxb5
Qg4 28. Qc4 h5 29. f3 Qg5 30. Nf1 h4 31. Qb3 hxg3 32. hxg3 Nf4 33. Kf2 Nh3+ 34.
Kg2 Nf4+ 35. Kf2 Nh3+ 36. Kg2 Qh5 37. Ne3 Ng5 38. Nf5 Qh3+ 39. Kf2 Qh2+ 40. Ke3
Rfe8 41. d6 Qg2 42. Rf1 cxd6 43. Rf2 Qh3 44. Nxd6 Qxg3 45. Nxe8 Rxe8 46. Qc2
Qf4+ 47. Ke2 Ne6 48. Kf1 Qg3 49. Rb7 Qh3+ 50. Kg1 Nd4 51. Qa4 Rc8 52. Qa3 Qg3+
53. Kf1 Qf4 54. Rb1 Rc6 55. Qe7 Rh6 56. Kg1 Qg3+ 57. Rg2 Nxf3+ 58. Kf1 Rh1+ 59.
Ke2 Nd4+ 60. Kd2 Qxg2+ 0-1

[Event "XVI C.to Italiano U20"]
[Site "Bratto - Castione della Presolana ITA"]
[Date "2008.08.26"]
[Round "5"]
[White "Valsecchi, Alessio"]
[Black "Altini, Nicola"]
[Result "1-0"]
[WhiteElo "2298"]
[BlackElo "2007"]
[PlyCount "79"]
[EventDate "2008.08.22"]

1. e4 e5 2. Nf3 Nc6 3. Bb5 a6 4. Ba4 Nf6 5. O-O Be7 6. d4 b5 7. Bb3 d6 8. dxe5
dxe5 9. Nc3 Bg4 10. Bg5 O-O 11. Bxf6 Bxf6 12. Bd5 Qd6 13. Bxc6 Qxc6 14. Qd5
Qxd5 15. Nxd5 Bxf3 16. gxf3 c6 17. Nb4 a5 18. Nd3 Rfd8 19. Rfd1 Kf8 20. a4 Ke8
21. Kf1 g6 22. Ke2 Bg7 23. Nc5 Bf8 24. Rxd8+ Rxd8 25. Nb3 Rc8 26. Nxa5 Bb4 27.
Nb3 Ra8 28. c3 Be7 29. axb5 Rb8 30. bxc6 Kd8 31. Rd1+ Kc8 32. Rd7 Rxb3 33. Rxe7
Rxb2+ 34. Kf1 Rc2 35. Rxe5 Rxc3 36. Re8+ Kc7 37. Re7+ Kxc6 38. Rxf7 h5 39. Rf6+
Kd7 40. Kg2 1-0

[Event "XVI C.to Italiano U20"]
[Site "Bratto - Castione della Presolana ITA"]
[Date "2008.08.26"]
[Round "5"]
[White "Xia, Jie"]
[Black "Gallana, Marco"]
[Result "1/2-1/2"]
[WhiteElo "2181"]
[BlackElo "1960"]
[PlyCount "120"]
[EventDate "2008.08.22"]

1. d4 Nf6 2. Nc3 d5 3. Bg5 c6 4. Qd3 g6 5. f3 Bg7 6. e4 dxe4 7. fxe4 O-O 8. Nf3
Nbd7 9. Qd2 Re8 10. e5 Nd5 11. Nxd5 cxd5 12. Bh6 Nb6 13. Bxg7 Kxg7 14. Bd3 Nc4
15. Bxc4 dxc4 16. O-O Qd5 17. c3 b5 18. Rae1 a5 19. Ng5 Rf8 20. Qf4 Ra6 21. Qh4
h6 22. Ne4 g5 23. Qg3 Rg6 24. Nc5 Be6 25. Ne4 Bc8 26. Nf2 Bb7 27. Nd1 Qe6 28.
Ne3 h5 29. Nf5+ Kg8 30. Qh3 h4 31. Qg4 Re8 32. Rf2 Bd5 33. Qh5 Rb8 34. Ref1 Rb7
35. Ne3 Be4 36. Rxf7 Qxf7 37. Rxf7 Kxf7 38. Qg4 Bc6 39. d5 Be8 40. e6+ Kg8 41.
Qe4 Rg7 42. Ng4 Rb6 43. Ne5 Rd6 44. b3 cxb3 45. axb3 a4 46. bxa4 bxa4 47. Nc4
Ra6 48. Na3 Rb6 49. Qc4 Rb3 50. Qc5 g4 51. g3 h3 52. c4 Rb2 53. Qc8 Kf8 54. Nb5
Rg5 55. Nc7 Rf5 56. Qxe8+ Kg7 57. Qxe7+ Kg6 58. Qe8+ Kg7 59. Qe7+ Kg6 60. Qe8+
Kg7 1/2-1/2

[Event "XVI C.to Italiano U20"]
[Site "Bratto - Castione della Presolana ITA"]
[Date "2008.08.27"]
[Round "6"]
[White "Altini, Nicola"]
[Black "Sellitti, Federico"]
[Result "1/2-1/2"]
[WhiteElo "2007"]
[BlackElo "2158"]
[PlyCount "56"]
[EventDate "2008.08.22"]

1. d4 Nf6 2. Nf3 e6 3. e3 b6 4. Bd3 Bb7 5. b3 c5 6. Bb2 Be7 7. Nbd2 d5 8. O-O
O-O 9. Ne5 Nbd7 10. f4 Ne4 11. Nxe4 dxe4 12. Bc4 Nxe5 13. dxe5 Qxd1 14. Raxd1
Rad8 15. Be2 f6 16. c4 fxe5 17. Bxe5 Bf6 18. Bxf6 gxf6 19. Rxd8 Rxd8 20. Rd1
Rxd1+ 21. Bxd1 f5 22. Kf2 Kg7 23. Kg3 Bc6 24. Be2 Kf6 25. Kh4 Be8 26. Bh5 Bg6
27. g3 a6 28. a4 a5 1/2-1/2

[Event "XVI C.to Italiano U20"]
[Site "Bratto - Castione della Presolana ITA"]
[Date "2008.08.27"]
[Round "6"]
[White "Andreoni, Giuseppe"]
[Black "Stella, Andrea"]
[Result "1/2-1/2"]
[WhiteElo "1993"]
[BlackElo "2209"]
[PlyCount "43"]
[EventDate "2008.08.22"]

1. e4 c5 2. Nf3 d6 3. d4 cxd4 4. Nxd4 Nf6 5. Nc3 g6 6. Be3 Bg7 7. f3 Nc6 8. Qd2
O-O 9. O-O-O d5 10. Nxc6 bxc6 11. exd5 Nxd5 12. Nxd5 cxd5 13. Qxd5 Qc7 14. Qc5
Qb7 15. b3 Bf5 16. Qb5 Rac8 17. Qxb7 Rxc2+ 18. Kb1 Rb2+ 19. Kc1 Rc2+ 20. Kb1
Rd2+ 21. Kc1 Rc2+ 22. Kb1 1/2-1/2

[Event "XVI C.to Italiano U20"]
[Site "Bratto - Castione della Presolana ITA"]
[Date "2008.08.27"]
[Round "6"]
[White "Caldonazzo, Matteo"]
[Black "Cantu', Guido"]
[Result "1-0"]
[WhiteElo "1515"]
[BlackElo "1896"]
[PlyCount "85"]
[EventDate "2008.08.22"]

1. d4 Nf6 2. c4 e6 3. Nc3 Bb4 4. e3 b6 5. Nf3 Bb7 6. Bd3 Ne4 7. Qc2 f5 8. O-O
Bxc3 9. bxc3 O-O 10. Nd2 Nxd2 11. Bxd2 Qh4 12. f3 d6 13. e4 f4 14. Be1 Qh5 15.
Bf2 Nd7 16. a4 Rf6 17. a5 Rh6 18. h3 e5 19. axb6 Nxb6 20. c5 Bc8 21. cxb6 Bxh3
22. Be1 cxb6 23. Bc4+ Kh8 24. Ra2 Bd7 25. Kf2 g5 26. Ke2 g4 27. Kd1 gxf3 28.
gxf3 Rc8 29. Rxa7 Bh3 30. Bf7 Qg5 31. Rf2 exd4 32. Rh2 Qc5 33. Rxh3 Rxh3 34.
Be6 Rxf3 35. Bxc8 Qxc8 36. cxd4 Qxc2+ 37. Kxc2 Re3 38. Bd2 Rxe4 39. Kd3 Re6 40.
Bxf4 h5 41. Rb7 h4 42. Rxb6 h3 43. Rxd6 1-0

[Event "XVI C.to Italiano U20"]
[Site "Bratto - Castione della Presolana ITA"]
[Date "2008.08.27"]
[Round "6"]
[White "Codenotti, Marco"]
[Black "Bellemo, Davide"]
[Result "1-0"]
[WhiteElo "2055"]
[BlackElo "2055"]
[PlyCount "107"]
[EventDate "2008.08.22"]

1. e4 e5 2. Nf3 Nc6 3. Bb5 a6 4. Bxc6 dxc6 5. O-O f6 6. d4 Bg4 7. c3 Bd6 8. Be3
Ne7 9. h3 Bh5 10. dxe5 fxe5 11. c4 Bxf3 12. Qxf3 Ng6 13. Nc3 Qf6 14. Qxf6 gxf6
15. f3 Kf7 16. Rad1 Rad8 17. Rd3 Bb4 18. Rfd1 Rxd3 19. Rxd3 Bxc3 20. Rxc3 b6
21. Rd3 Ke7 22. Kf2 c5 23. Bh6 Ke6 24. g4 c6 25. Kg3 Rc8 26. h4 Nf8 27. Bxf8
Rxf8 28. f4 exf4+ 29. Kxf4 h6 30. a4 a5 31. Re3 Rd8 32. Rb3 Rb8 33. Rd3 Rf8 34.
Rd1 Rg8 35. b3 Rf8 36. Rf1 Rd8 37. Ke3 Rg8 38. Rf4 Rg7 39. Kf3 Rd7 40. Rf5 Rd3+
41. Kf4 Rxb3 42. Rh5 Rb1 43. Rxh6 Rf1+ 44. Kg3 Ke5 45. h5 Kxe4 46. Kg2 Rf4 47.
Rg6 f5 48. h6 Rxg4+ 49. Rxg4+ fxg4 50. h7 Kd4 51. h8=Q+ Kxc4 52. Qb2 b5 53. Kg3
b4 54. Kxg4 1-0

[Event "XVI C.to Italiano U20"]
[Site "Bratto - Castione della Presolana ITA"]
[Date "2008.08.27"]
[Round "6"]
[White "Coladangelo, Andrea"]
[Black "Serri, Cristiano"]
[Result "1-0"]
[WhiteElo "1866"]
[BlackElo "1542"]
[PlyCount "47"]
[EventDate "2008.08.22"]

1. e4 c5 2. Nf3 d6 3. d4 cxd4 4. Nxd4 Nf6 5. Nc3 e6 6. g4 a6 7. g5 Nfd7 8. Be3
Be7 9. h4 b5 10. f4 Bb7 11. a3 Nb6 12. Qh5 g6 13. Qf3 e5 14. Nb3 exf4 15. Bd4
Rg8 16. Qxf4 N8d7 17. Bh3 Nc4 18. O-O-O Nde5 19. Rhf1 Bc8 20. Bxc8 Rxc8 21. Nd2
Qa5 22. Nxc4 Rxc4 23. Bxe5 dxe5 24. Qxf7# 1-0

[Event "XVI C.to Italiano U20"]
[Site "Bratto - Castione della Presolana ITA"]
[Date "2008.08.27"]
[Round "6"]
[White "Fossati, Remigio"]
[Black "Cuppone, Damiano"]
[Result "1-0"]
[WhiteElo "2191"]
[BlackElo "1921"]
[PlyCount "67"]
[EventDate "2008.08.22"]

1. d4 Nf6 2. c4 g6 3. Nc3 Bg7 4. e4 d6 5. Nf3 O-O 6. Be2 e5 7. O-O Nbd7 8. Re1
c6 9. Bf1 a5 10. b3 exd4 11. Nxd4 Nc5 12. f3 Re8 13. Be3 Qe7 14. Qd2 Bd7 15.
Rad1 Rad8 16. a3 Qf8 17. b4 axb4 18. axb4 Na6 19. Nc2 Bc8 20. b5 Nc5 21. Nb4 d5
22. cxd5 Nb3 23. Qc2 Qxb4 24. Na2 Qa5 25. bxc6 bxc6 26. Qxb3 Bd7 27. Bb6 Rb8
28. Bxa5 Rxb3 29. Bc4 Rb7 30. dxc6 Bxc6 31. Rd6 Bb5 32. Bxb5 Rxb5 33. Bc3 Nxe4
34. fxe4 1-0

[Event "XVI C.to Italiano U20"]
[Site "Bratto - Castione della Presolana ITA"]
[Date "2008.08.27"]
[Round "6"]
[White "Franciosi, Fausto"]
[Black "Laudisa, Antonio"]
[Result "1-0"]
[WhiteElo "1850"]
[BlackElo "1646"]
[PlyCount "63"]
[EventDate "2008.08.22"]

1. d4 Nf6 2. c4 e5 3. dxe5 Ng4 4. Nf3 Bc5 5. e3 Nc6 6. Nc3 Ngxe5 7. Be2 O-O 8.
O-O a5 9. b3 d6 10. Bb2 Be6 11. Rc1 f5 12. Na4 Qf6 13. Qc2 Ba7 14. c5 f4 15. e4
dxc5 16. Nxe5 Nxe5 17. Nxc5 Bxc5 18. Qxc5 Nf3+ 19. Bxf3 Qxb2 20. Rc2 Qf6 21.
Rfc1 Qg6 22. Qxc7 Bh3 23. Qc4+ Kh8 24. Qf1 Rac8 25. Kh1 Rxc2 26. Rxc2 Rc8 27.
Rxc8+ Bxc8 28. Qc1 Bg4 29. Qxf4 h5 30. Bxg4 hxg4 31. Qf5 Qe8 32. Qxg4 1-0

[Event "XVI C.to Italiano U20"]
[Site "Bratto - Castione della Presolana ITA"]
[Date "2008.08.27"]
[Round "6"]
[White "Gallana, Marco"]
[Black "Grandinetti, Pietro"]
[Result "1/2-1/2"]
[WhiteElo "1960"]
[BlackElo "2011"]
[PlyCount "26"]
[EventDate "2008.08.22"]

1. d4 Nf6 2. c4 g6 3. Nc3 Bg7 4. e4 d6 5. f3 O-O 6. Be3 e5 7. Nge2 Nc6 8. Qd2
a6 9. O-O-O exd4 10. Nxd4 Bd7 11. Kb1 Nxd4 12. Bxd4 b5 13. Nd5 Nxd5 1/2-1/2

[Event "XVI C.to Italiano U20"]
[Site "Bratto - Castione della Presolana ITA"]
[Date "2008.08.27"]
[Round "6"]
[White "Ghedin, Emanuele"]
[Black "Capito', Mario"]
[Result "1-0"]
[WhiteElo "1824"]
[BlackElo "1455"]
[PlyCount "69"]
[EventDate "2008.08.22"]

1. d4 Nf6 2. c4 d6 3. Nc3 g6 4. e4 Bg7 5. f3 O-O 6. Be3 Nfd7 7. Qd2 c5 8. d5
Ne5 9. Bh6 Bxh6 10. Qxh6 f5 11. O-O-O Na6 12. Nh3 Nf7 13. Qh4 e6 14. Qxd8 Rxd8
15. dxe6 Bxe6 16. Nf4 Bd7 17. Bd3 Nc7 18. exf5 Bxf5 19. Bxf5 gxf5 20. Ncd5 Ne8
21. Rhe1 Kh8 22. Ne6 Rd7 23. Ne3 Ne5 24. Nxf5 Nxc4 25. Nxc5 Rc7 26. Ne6 Rac8
27. Nxc7 Nxc7 28. Kb1 Nb5 29. Rc1 Nd2+ 30. Ka1 Rf8 31. Ng3 Nd4 32. Red1 N2b3+
33. axb3 Nxb3+ 34. Kb1 Nxc1 35. Kxc1 1-0

[Event "XVI C.to Italiano U20"]
[Site "Bratto - Castione della Presolana ITA"]
[Date "2008.08.27"]
[Round "6"]
[White "Gonella, Daniele"]
[Black "Pulcini, Giorgio"]
[Result "1-0"]
[WhiteElo "1739"]
[BlackElo "1676"]
[PlyCount "122"]
[EventDate "2008.08.22"]

1. e4 e5 2. Nf3 Nc6 3. Bb5 Bc5 4. Bxc6 dxc6 5. O-O Bg4 6. h3 Bh5 7. d3 Nf6 8.
Be3 Qe7 9. Nbd2 O-O 10. Bxc5 Qxc5 11. Nb3 Qd6 12. Qe2 b6 13. Qe3 c5 14. Nbd2
Nd7 15. g4 Bg6 16. Nh4 Qe7 17. Nxg6 fxg6 18. f4 exf4 19. Rxf4 g5 20. Rxf8+ Rxf8
21. Rf1 Rxf1+ 22. Nxf1 h6 23. Ng3 g6 24. Ne2 Qf6 25. c3 Ne5 26. Kg2 c4 27. d4
Nd3 28. b3 Ne1+ 29. Kg3 cxb3 30. axb3 Qf1 31. Qf2 Qh1 32. e5 Nd3 33. Qg1 Qxg1+
34. Nxg1 c5 35. Ne2 Kf7 36. Kf3 cxd4 37. cxd4 Ke6 38. Ke3 Nb4 39. Ke4 Nd5 40.
Kd3 Nf4+ 41. Nxf4+ gxf4 42. Ke4 g5 43. d5+ Kd7 44. d6 Ke6 45. Kd4 a6 46. b4 a5
47. bxa5 bxa5 48. Kc5 a4 49. Kc6 a3 50. d7 a2 51. d8=Q a1=Q 52. Qd7+ Kxe5 53.
Qg7+ Ke4 54. Qxa1 f3 55. Qf1 Ke3 56. Kd5 f2 57. Ke5 Kf3 58. Kd4 Kg3 59. Ke3 h5
60. Qxf2+ Kxh3 61. gxh5 Kg4 1-0

[Event "XVI C.to Italiano U20"]
[Site "Bratto - Castione della Presolana ITA"]
[Date "2008.08.27"]
[Round "6"]
[White "Guidi, Giacomo"]
[Black "Piccirillo, Edoardo"]
[Result "1/2-1/2"]
[WhiteElo "1526"]
[BlackElo "2111"]
[PlyCount "81"]
[EventDate "2008.08.22"]

1. f4 d5 2. Nf3 Nf6 3. b3 c5 4. e3 Nc6 5. Bb5 Bd7 6. Bb2 e6 7. O-O Bd6 8. Bxc6
Bxc6 9. Ne5 Bb5 10. d3 Qc7 11. a4 Bc6 12. Nd2 Rg8 13. Nxc6 Qxc6 14. e4 Bc7 15.
exd5 Nxd5 16. Qf3 O-O-O 17. Be5 Bb6 18. a5 Bc7 19. c3 f6 20. Bxc7 Qxc7 21. d4
Kb8 22. Ne4 cxd4 23. cxd4 Rge8 24. Nc5 Re7 25. g3 Qc6 26. Rfe1 Nb4 27. Qxc6
Nxc6 28. Rxe6 Rxd4 29. Rxe7 Nxe7 30. Re1 Nc6 31. Re8+ Rd8 32. Rxd8+ Nxd8 33.
Kf2 Nc6 34. a6 b5 35. Ke3 Kc7 36. Ne6+ Kd6 37. Nxg7 Nb4 38. Kd4 Nxa6 39. g4 Nc7
40. h4 a5 41. Nf5+ 1/2-1/2

[Event "XVI C.to Italiano U20"]
[Site "Bratto - Castione della Presolana ITA"]
[Date "2008.08.27"]
[Round "6"]
[White "Locci, Damiano"]
[Black "Rombaldoni, Axel"]
[Result "0-1"]
[WhiteElo "2094"]
[BlackElo "2374"]
[PlyCount "82"]
[EventDate "2008.08.22"]

1. g3 d5 2. Bg2 e5 3. c4 Nf6 4. cxd5 Nxd5 5. Nc3 Ne7 6. d3 Nbc6 7. Nf3 g6 8. a3
a5 9. O-O Bg7 10. Nd2 O-O 11. Nc4 Nd4 12. f4 exf4 13. Bxf4 Ne6 14. Be3 Nf5 15.
Bf2 Ra6 16. e3 Nd6 17. Nxd6 Rxd6 18. d4 Ng5 19. Ne4 Nxe4 20. Bxe4 c5 21. Qf3
cxd4 22. exd4 Bxd4 23. Bxd4 Rxd4 24. Rad1 Bh3 25. Bd5 Rxd1 26. Rxd1 Qc7 27. g4
Qc2 28. Be4 Qc4 29. Re1 Qd4+ 30. Kh1 Re8 31. b3 b6 32. a4 Bxg4 33. Qxg4 f5 34.
Rd1 Qxe4+ 35. Qxe4 Rxe4 36. Rd3 Rb4 37. Kg2 Kg7 38. Rh3 g5 39. Kf2 Kg6 40. Kg2
g4 41. Rd3 Kg5 0-1

[Event "XVI C.to Italiano U20"]
[Site "Bratto - Castione della Presolana ITA"]
[Date "2008.08.27"]
[Round "6"]
[White "Mandelli, Giacomo"]
[Black "Cinque, Antonio"]
[Result "1/2-1/2"]
[WhiteElo "1602"]
[BlackElo "1867"]
[PlyCount "71"]
[EventDate "2008.08.22"]

1. e4 e6 2. d3 d5 3. Nd2 Nf6 4. g3 c5 5. Ngf3 Nc6 6. Bg2 Be7 7. O-O O-O 8. Re1
b5 9. e5 Nd7 10. Nf1 a5 11. h4 Bb7 12. N1h2 b4 13. Bf4 c4 14. dxc4 dxc4 15. Ng5
Nc5 16. Qh5 Bxg5 17. hxg5 Ne7 18. Ng4 Ng6 19. Bxb7 Nxb7 20. Kg2 Qd5+ 21. f3
Nxf4+ 22. gxf4 Qd2+ 23. Nf2 Qxf4 24. Re4 Qf5 25. Rh1 Qg6 26. Reh4 Rfd8 27. Qxg6
fxg6 28. Rxc4 Rac8 29. Rhh4 Rc5 30. Nd3 Rcd5 31. Rc7 R8d7 32. Rhc4 Kf7 33.
Rxd7+ Rxd7 34. Nc5 Rd2+ 35. Kg3 Nxc5 36. Rxc5 1/2-1/2

[Event "XVI C.to Italiano U20"]
[Site "Bratto - Castione della Presolana ITA"]
[Date "2008.08.27"]
[Round "6"]
[White "Marincolo, Piercarlo"]
[Black "Marsili, Riccardo"]
[Result "1/2-1/2"]
[WhiteElo "1945"]
[BlackElo "1817"]
[PlyCount "168"]
[EventDate "2008.08.22"]

1. e4 d5 2. exd5 Qxd5 3. Nc3 Qa5 4. d4 c6 5. Bd3 Nf6 6. Bd2 Qc7 7. Nf3 g6 8.
Qe2 Bg4 9. O-O Bg7 10. Rfe1 e6 11. h3 Bxf3 12. Qxf3 O-O 13. Ne2 Nbd7 14. c4 e5
15. d5 c5 16. Bc3 Ne8 17. g4 Nd6 18. Ng3 Rae8 19. Kh1 Kh8 20. Rg1 Qd8 21. Rae1
Qh4 22. Rg2 f6 23. Kh2 Rf7 24. Ne4 Nxe4 25. Qxe4 Bh6 26. d6 Bf4+ 27. Kg1 Qxh3
28. Qd5 Ref8 29. Bf1 b6 30. Re4 g5 31. Qe6 Qh4 32. Bd2 Qh6 33. Bxf4 gxf4 34.
Rh2 Qg6 35. Bg2 Rg7 36. f3 Qf7 37. Qxf7 Rfxf7 38. Re1 Nb8 39. Rd1 Nc6 40. Rd5
Nd4 41. Kf2 Rd7 42. Bh3 Rg5 43. Bf1 Kg8 44. Bd3 Rgg7 45. Rh6 Rgf7 46. g5 fxg5
47. Rxe5 Rg7 48. Rf6 Rd8 49. Be4 Kh8 50. Bd5 Rg6 51. Rf7 Rg7 52. Rxg7 Kxg7 53.
Re7+ Kf6 54. Rxa7 Rxd6 55. Rxh7 Ke5 56. Re7+ Kf6 57. Rb7 Kg6 58. a3 Kf6 59. b4
cxb4 60. axb4 b5 61. Rc7 bxc4 62. Bxc4 Rc6 63. Rxc6+ Nxc6 64. b5 Nb8 65. Kg2
Ke7 66. Kh3 Kf6 67. Bd5 Nd7 68. Be4 Nb6 69. Kg4 Nd7 70. Kh5 Nb6 71. Kh6 Nd7 72.
Kh7 Kf7 73. Bd5+ Kf6 74. Kg8 Ke5 75. Bc6 Nb6 76. Kf7 Kf5 77. Ke7 g4 78. fxg4+
Kxg4 79. Kd6 f3 80. Bxf3+ Kxf3 81. Kc6 Na4 82. Kb7 Ke4 83. Ka6 Kd5 84. Ka5 Nc5
1/2-1/2